01008nam a2200253 a 450000100100000000500170001000800410002702000180006804000250008608200200011110000240013124501000015526000490025530000360030449000730034049000270041350000760044060000500051665000230056665000250058970000380061483000740065283000280072600001498220240305120454.0100128s2007 dr ac 000 0 spa d a9789993462705 aDO-SdBNPbspacBNPHU a759.7293bD249m1 aLeón Davidd1945-10aMaría Aybar o la magia del color y luz /cLeón David ; presentación Danilo de los Santos. aSanto Domingo :bUniversitaria- UASD,c2007. a150 p. :bil., retrs. ;c30 cm.1 aPublicaciones de la Universidad Autónoma de Santo Domingovv. 13211 aArte y Sociedadvv. 41 aIncluye datos biográficos del autor en la solapa de la contracubierta14aAYBAR, MARÍA,dCRÍTICA E INTERPRETACIÓN 4aPintura dominicana 4aPintores dominicanos1 aSantos, Danilo de los,d1943-2018 0aPublicaciones de la Universidad Autónoma de Santo Domingonno. 1321 0aArte y Sociedadnno. 41